书目信息 |
| 题名: |
平面几何证题的思路与方法
|
|
| 作者: | 欧阳维 , 沙基昌 编著 | |
| 分册: | ||
| 出版信息: | 长沙 湖南人民出版社 1981 |
|
| 页数: | 260页 | |
| 开本: | 19cm | |
| 丛书名: | 中学生课外读物 | |
| 单 册: | ||
| 中图分类: | O123.1 | |
| 科图分类: | ||
| 主题词: | 平面几何--中学--课外读物 , 初等数学 | |
| 电子资源: | ||
| ISBN: | ||
| 000 | 00779nam2 2200277 45 | |
| 001 | 0181009250 | |
| 005 | 20061118170818.96 | |
| 010 | @dCNY0.60 | |
| 091 | @aCN@b7109.1337 | |
| 100 | @a19950306d1981 em y0chiy0121 ea | |
| 101 | 0 | @achi |
| 102 | @aCN@b430000 | |
| 105 | @ay z 000yy | |
| 200 | 10 | @a平面几何证题的思路与方法@Aping mian ji he zheng ti de si lu yu fang fa@f沙基昌,欧阳维编著 |
| 210 | @a长沙@c湖南人民出版社@d1981 | |
| 215 | @a260页@d19cm | |
| 225 | 2 | @a中学生课外读物 |
| 410 | 0 | @120010@a中学生课外读物 |
| 606 | @a平面几何@x中学@x课外读物 | |
| 606 | 0 | @a初等数学 |
| 690 | @aO123.1@v3 | |
| 701 | 0 | @a欧阳维@Aou yang wei@4编著 |
| 701 | 0 | @a沙基昌@Asha ji chang@4编著 |
| 801 | 2 | @aCN@bNLC@c20061118 |
| 801 | 0 | @aCN@bTSSF |
| 905 | @a10447@dO123.1@e20 | |
| 平面几何证题的思路与方法/沙基昌,欧阳维编著.-长沙:湖南人民出版社,1981 |
| 260页;19cm.-(中学生课外读物) |
| ISBN :CNY0.60 |
| ● |
| 相关链接 |
|
|
|
|
正题名:平面几何证题的思路与方法
索取号:O123.1/20
 
预约/预借
| 序号 | 登录号 | 条形码 | 馆藏地/架位号 | 状态 | 备注 |
| 1 | 0159061 | 001242989 | 第二样本阅览室/ [索取号:O123.1/20] | 在馆 |